000 00351cam a2200133u 4500
040 _cCarP
082 _a630 GON 1961 A105 Or.
100 1 _aSpaulding, Perley,
245 1 0 _aForeign diseases of forest trees of the world;
260 _a[Washington,
_bU. S. Govt. Print. Off.]
_c1961.
300 _aiii, 361 p.
_c24 cm.
650 0 _aTrees
942 _cEK
999 _c16197
_d16197